Distribución geográfica y huéspedes conocidos de los Taquinidos de Chile: diptera-tachinidae

Saved in:
Bibliografiske detaljer
Hovedforfatter: Cortés P., Raúl
Andre forfattere: Hichins O., Nelson
Format: Bog
Sprog:spansk
Udgivet: Santiago, Chile Universidad de Chile 1969
Fag:
Tags: Tilføj Tag
Ingen Tags, Vær først til at tagge denne postø!

MARC

LEADER 00000nam a2200000 a 4500
001 UCY7842
003 CL-VaPUC
005 20250103093741.0
008 950622e19690000CL |||||||||||||||||spa|d
999 |c 235145  |d 235143 
040 |c Pontificia Universidad Católica de Valparaíso 
082 0 4 |a 595.77 COR 1969  |2 21 
100 0 |a Cortés P., Raúl  |9 338685 
245 1 0 |a Distribución geográfica y huéspedes conocidos de los Taquinidos de Chile: diptera-tachinidae 
260 0 3 |a Santiago, Chile  |b Universidad de Chile  |c 1969 
300 |a 92 páginas 
583 |a last modification  |c 19950622 00:00:00  |k Rodrigo Vera 
650 7 |a MOSCAS  |2 CL-VaPUC  |9 338687 
650 0 |a Insectos   |9 264174 
650 0 |a Entomología   |9 269835 
650 0 |a Zoogeografía  |9 261803 
651 7 |a CHILE  |2 CL-VaPUC  |9 338688 
700 0 |a Hichins O., Nelson  |9 338686 
942 |c BK  |2 ddc 
945 |d 19950622 00:00:00  |a rbrito